000 00413nam a2200121 a 4500
008 120416s1979 xx |||||||||||||| || u
050 _aNK 6410 Ste
100 _aStewart, Richard
245 1 0 _aModern design in metal
260 _c[1979]
350 _a0.00
995 _D0.00
_FCBU-MAIN LIBRARY (Kitwe)
_H1
_I0.00
_M1
_UAVAILABLE
_ZAnnex Low-Usage Collection
999 _c51442
_d51442